00849nas a2200229Ia 4500001001100000003000900011008004100020040001300061040001300074041001300087100004500100210001700145222001700162245011600179250001100295260002600306501008600332300001700418362003400435500011400469650003600583R018/42762IT-RoPAU151124c99999999xx |||||||||||| ||und|| aIT-RoPAU cIT-RoPAU aFRANCESE aWilson MichaelgCodice Aut. SPICS: 443 aFILM ECHANGE aFilm Echange aFILM ECHANGE, ANNO 01-N.04 (AUTUNNO 1978)bDefense Et Illustration Du Systeme Francais Des Avances Sur Recettes a1a ed. aPARISbS.A.C.T.c1978 bPaulus - SPICS - Società San Paolo EM (non-commercial uses only)cCopyright2015 a9 p. [63-71] aANNO 001, N.04 (AUTUNNO 1978) aDifesa e Illustrazione del Sistema Francese degli Anticipi Sugli Incassi. Correttivo Alla Legge del Mercato. aCINEMAvPUBBLICAZIONE PERIODICA